| 000 -LEADER |
| fixed length control field |
00424cam a22001217a 4500 |
| 008 - FIXED-LENGTH DATA ELEMENTS--GENERAL INFORMATION |
| fixed length control field |
180718b1984 xxu||||| |||| 00| 0 eng d |
| 082 ## - DEWEY DECIMAL CLASSIFICATION NUMBER |
| Classification number |
I5x42 Un3c |
| 100 ## - MAIN ENTRY--PERSONAL NAME |
| Personal name |
United Kingdom. Efficiency Unit |
| 245 ## - TITLE STATEMENT |
| Title |
Consultancy, inspection and review services in government departments: report to the Prime Minister |
| Statement of responsibility, etc. |
by Kate Jenkins, et. al |
| 260 ## - PUBLICATION, DISTRIBUTION, ETC. |
| Place of publication, distribution, etc. |
London |
| Name of publisher, distributor, etc. |
H.M.S.O. |
| Date of publication, distribution, etc. |
1984 |
| 300 ## - PHYSICAL DESCRIPTION |
| Extent |
38+p. |
| 700 ## - ADDED ENTRY--PERSONAL NAME |
| Personal name |
Jenkins, Kate, et. al |